000 00535nam a2200157 i 4500
001 84446
003 ES-MaACL
007 t|
008 041122s1912 sp ||||1| spa d
100 1 _aJane, Fred T.
_965999
245 1 0 _aJuego de la guerra naval /
_cinventado por Fred T. Jane ; y traducido de la última edición inglesa por Jaime Javier Robinson.
260 _a[Madrid :
_bs.n.,
_c1912] (
_fImp. del Ministerio de la Guerra)
300 _a84 p. ;
_c22 cm.
700 1 _aJaner Robinson, Jaime.
_966008
852 _aES-MaACL
_jG-14140
999 _c84446
_d84446